000 00291nam a2200121Ia 4500
005 20251222144730.0
008 251222s9999||||xx |||||||||||||| ||spa||
082 _a378.178.5/D88
100 _aDomínguez Granda, Julio B.
245 0 _aModelo Didáctico:
264 _bUladech
942 _cLIB
999 _c18537
_d18537